La actitud intencional

Salvato in:
Dettagli Bibliografici
Autore principale: Dennett, Daniel Clement (Autore)
Natura: Libro
Lingua:spagnolo
Pubblicazione: Barcelona Gedisa 1991
Serie:Colección Hombre y Sociedad. Serie CIA. DE. MA
Soggetti:
Tags: Aggiungi Tag
Nessun Tag, puoi essere il primo ad aggiungerne!!

MARC

LEADER 00000nam a2200000 a 4500
001 UCW7381
003 CL-VaPUC
008 921123e19910000SP |||||||||||||||||spa|d
082 0 4 |a 153  |b DEN  |2 21 
100 |a Dennett, Daniel Clement  |e author  |9 452353 
245 1 3 |a La actitud intencional 
300 |a 343 p 
942 |c BK 
945 |d 19921123 00:00:00 
260 |a Barcelona  |b Gedisa  |c 1991 
650 7 |a INTENCION  |2 CL-VaPUC  |9 312539 
583 |a last modification  |c 19921123 00:00:00  |k Rodrigo Vera 
490 0 |a Colección Hombre y Sociedad. Serie CIA. DE. MA 
999 |c 220164  |d 220162 
952 |0 0  |1 0  |4 0  |6 153_000000000000000_DEN_1991  |7 0  |8 A  |9 212036  |a BIBEDU  |b BIBEDU  |d 2019-11-15  |i 2802635  |o 153 DEN 1991  |p 2802635  |r 2019-11-15  |w 2019-11-15  |y BK  |k EDU 
952 |0 0  |1 0  |4 0  |6 153_000000000000000_DEN_1991  |7 0  |8 A  |9 212037  |a FDOPOS  |b FDOPOS  |d 2019-11-15  |i 2802643  |o 153 DEN 1991  |p 2802643  |r 2025-01-22  |w 2019-11-15  |y BK  |k MLA